Начертательная геометрия: учебник

Podrobná bibliografie
Hlavní autor: Королев Ю. И. Юрий Иванович
Shrnutí:Начертательная геометрия входит в состав обязательных дисциплин ведущих технических и архитектурно-строительных вузов мира. Ее роль в подготовке специалистов и в решении прикладных задач возрастает с развитием науки и техники. Невозможно представить инженера без знания основ теории изображений. Данный учебник соответствует требованиям государственных образовательных стандартов по подготовке бакалавров, магистров и дипломированных специалистов по курсу начертательной геометрии в технических вузах. Кроме теоретических основ образования изображений и геометрических преобразований изложены правила оформления чертежей. Порядок решения геометрических задач подробно рассматривается на конкретных примерах с анализом рациональных вариантов построения изображений. В конце каждого раздела размещен дидактический материал для закрепления изученного материала и самоконтроля. Учебник предназначен для студентов технических специальностей высших учебных заведений.
Jazyk:ruština
Vydáno: Санкт-Петербург, Питер, 2008
Edice:Учебник для вузов
Témata:
Médium: Kniha
KOHA link:https://koha.lib.tpu.ru/cgi-bin/koha/opac-detail.pl?biblionumber=153778

MARC

LEADER 00000nam0a2200000 4500
001 153778
005 20231101221721.0
010 |a 9785469003496 
035 |a (RuTPU)RU\TPU\book\166821 
090 |a 153778 
100 |a 20090216d2008 m y0rusy50 ca 
101 0 |a rus 
102 |a RU 
105 |a a j 001zy 
200 1 |a Начертательная геометрия  |e учебник  |f Ю. И. Королев 
210 |a Санкт-Петербург  |c Питер  |d 2008 
215 |a 252 с.  |c ил. 
225 1 |a Учебник для вузов 
320 |a Библиогр.: с. 242-243. 
320 |a Алфавитный указатель: с. 244-251. 
330 |a Начертательная геометрия входит в состав обязательных дисциплин ведущих технических и архитектурно-строительных вузов мира. Ее роль в подготовке специалистов и в решении прикладных задач возрастает с развитием науки и техники. Невозможно представить инженера без знания основ теории изображений. Данный учебник соответствует требованиям государственных образовательных стандартов по подготовке бакалавров, магистров и дипломированных специалистов по курсу начертательной геометрии в технических вузах. Кроме теоретических основ образования изображений и геометрических преобразований изложены правила оформления чертежей. Порядок решения геометрических задач подробно рассматривается на конкретных примерах с анализом рациональных вариантов построения изображений. В конце каждого раздела размещен дидактический материал для закрепления изученного материала и самоконтроля. Учебник предназначен для студентов технических специальностей высших учебных заведений. 
606 1 |a Начертательная геометрия  |2 stltpush  |3 (RuTPU)RU\TPU\subj\45211  |9 64468 
610 1 |a учебники 
610 1 |a геометрические преобразования 
610 1 |a комплексные чертежи 
610 1 |a аксонометрические проекции 
610 1 |a геометрические объекты 
610 1 |a чертежи 
610 1 |a многогранные поверхности 
610 1 |a кривые линии 
610 1 |a поверхности 
610 1 |a пересечения 
610 1 |a развертки 
675 |a 514.18(075.8)  |v 3 
700 1 |a Королев  |b Ю. И.  |g Юрий Иванович 
801 1 |a RU  |b 63413507  |c 20090216  |g PSBO 
801 2 |a RU  |b 63413507  |c 20150715  |g PSBO 
900 |a Начертательная геометрия 
900 |a Начертательная геометрия и графика 
900 |a Начертательная геометрия, инженерная графика 
900 |a Начертательная геометрия. Инженерная графика 
942 |c BK 
952 |a 550000 
959 |a 27/20090216  |d 2  |e 149,00  |f АНЛ:1  |f ЧЗТЛ:1